000 00771nam a2200253 i 4500
001 bg
100 1 _aLEWANDOWSKI, Jerzy
245 1 0 _aZarządzanie bezpieczeństwem pracy w przedsiębiorstwie /
_cJerzy Lewandowski ; Politechnika Łódzka.
260 _aŁódź :
_bWydaw. PŁ,
_c2000.
300 _a218 s. :
_bil., err. ;
_c24 cm.
500 _aNa grzb. kolejna poz. wydaw.: 963.
504 _aBibliogr.
650 9 _aBezpieczeństwo i higiena pracy
_xzarządzanie
650 9 _aErgonomia
650 9 _aZarządzanie jakością
710 0 _aPolitechnika Łódzka
020 _a8387198838
040 _cBPK
041 0 _apl
080 _a658.56.012:331.45:331.101.1
920 _a83-87198-83-8
942 _cKS
008 s pl f |000 0 pol
999 _c39408
_d39408
856 _uhttp://koha.tu.koszalin.pl/cgi-bin/koha/opac-detail.pl?biblionumber=39408
_yKatalog online BPK